| 000 | 00439 a2200157 4500 | ||
|---|---|---|---|
| 999 |
_c116 _d116 |
||
| 020 | _a9780195694451 | ||
| 050 | _aHD31 BHA 2008 | ||
| 100 |
_aBhat, Anil / _eAuthor |
||
| 245 |
_aManagement _bprinciples, processes and practices |
||
| 264 |
_aNew Delhi _boxford University press _c2008 |
||
| 300 | _axiv, 590p. | ||
| 500 | _aIncludes index | ||
| 650 | _aManagement | ||
| 700 |
_aKumar, Arya _eAuthor _qArya Kumar |
||
| 942 |
_2lcc _cBK _h31 _iBHA _kHD |
||